000 00510nam a2200145Ia 4500
008 100415s9999 xx 000 0 und d
082 _b20740
_a799(542)
100 _aFIFE-COOKSON, J. C.
245 _aTiger Shooting in the Doon and Ulwar. Presented by: Mr. Van Ingen
260 _aLONDON
_c1887
_bCHAPMAN AND HALL
365 _b0
630 _aTiger Shooting in the Doon and Ulwar. Presented by: Mr. Van Ingen
730 _aTiger Shooting in the Doon and Ulwar. Presented by: Mr. Van Ingen
942 _cBOOK
999 _c603622
_d603619